Některé problémy budování ASŘ socialistických hospodářských organizací

Guardado en:
Detalles Bibliográficos
Autor principal: Gargulák, Zdeněk
Otros Autores: Mann, Quido
Formato: Libro
Lenguaje:checo
Publicado: Praha Institut řízení 1976
Etiquetas: Agregar Etiqueta
Sin Etiquetas, Sea el primero en etiquetar este registro!

MARC

LEADER 00000nam a2200000 4500
001 c120326
005 20041019155216.7
041 0 |a cze 
044 |a CZ 
245 1 0 |a Některé problémy budování ASŘ socialistických hospodářských organizací  |c Zdeněk Gargulák, Quido Mann 
264 1 |a Praha  |b Institut řízení  |c 1976 
300 |a 33 s. 
100 1 |a Gargulák, Zdeněk 
700 1 |a Mann, Quido